[Event "CCCSA IM Norm C 2019"]
[Site "Charlotte"]
[Date "2019.06.09"]
[Round "7.5"]
[White "Balleisen, Aaron"]
[Black "Martin Del Campo C., Roberto"]
[Result "1-0"]
[WhiteElo "2203"]
[BlackElo "2311"]
[Annotator "RC"]
[PlyCount "95"]
[EventDate "2019.06.05"]
[EventType "tourn"]
[EventCountry "USA"]
[SourceTitle "playchess.com"]
[Source "ChessBase"]
[SourceQuality "1"]
[TimeControl "5400+30"]

1. c4 {[%emt 1:30:30]} g6 {[%emt 1:30:30]} 2. g3 {[%emt 0:00:30]} Bg7 {[%emt 0:00:30]} 3. Bg2 {[%emt 0:00:30]} d6 {[%emt 0:00:30]} 4. Nc3 {[%emt 0:00:30]} Nf6 {[%emt 0:00:30]} 5. e4 {[%emt 0:00:30]} c5 {[%emt 0:00:30]} 6. Nge2 {[%emt 0:00:30]} Nc6 {[%emt 0:00:30]} 7. O-O {[%emt 0:00:30]} O-O {[%emt 0:00:30]} 8. d3 {[%emt 0:00:30]} Ne8 {[%emt 0:00:30]} 9. Be3 {[%emt 0:00:30]} Nc7 {[%emt 0:00:30]} 10. d4 {[%emt 0:00:30]} b6 {[%emt 0:00:30]} 11. d5 {[%emt 0:00:30]} Na5 {[%emt 0:00:30]} 12. b3 {[%emt 0:00:30]} a6 {[%emt 0:00:30]} 13. Qd3 {[%emt 0:00:30]} b5 {[%emt 0:00:30]} 14. Rab1 {[%emt 0:00:30]} Bd7 {[%emt 0:00:30]} 15. a3 {[%emt 0:00:30]} Rb8 {[%emt 0:00:30]} 16. Rfc1 {[%emt 0:00:30]} e6 {[%emt 0:00:30]} 17. Nd1 {[%emt 0:00:30]} exd5 {[%emt 0:00:30]} 18. cxd5 {[%emt 0:00:30]} Re8 {[%emt 0:00:30]} 19. b4 {[%emt 0:00:30]} c4 {[%emt 0:00:30]} 20. Qc2 {[%emt 0:00:30]} Nb3 {[%emt 0:00:30]} 21. Rxb3 {[%emt 0:00:30]} cxb3 {[%emt 0:00:30]} 22. Qxb3 {[%emt 0:00:30]} Na8 {[%emt 0:00:30]} 23. Nd4 {[%emt 0:00:30]} Nb6 {[%emt 0:00:30]} 24. Nc6 {[%emt 0:00:30]} Bxc6 {[%emt 0:00:30]} 25. dxc6 {[%emt 0:00:30]} Nc4 {[%emt 0:00:30]} 26. Rxc4 {[%emt 0:00:30]} bxc4 {[%emt 0:00:30]} 27. Qxc4 {[%emt 0:00:30]} Qf6 {[%emt 0:00:30]} 28. Qxa6 {[%emt 0:00:30]} Ra8 {[%emt 0:00:30]} 29. Qd3 {[%emt 0:00:30]} Qa1 {[%emt 0:00:30]} 30. b5 {[%emt 0:00:30]} Rxa3 {[%emt 0:00:30]} 31. Qxd6 {[%emt 0:00:30]} Bf8 {[%emt 0:00:30]} 32. Qd7 {[%emt 0:00:30]} Qb1 {[%emt 0:00:30]} 33. Bf3 {[%emt 0:00:30]} Re7 {[%emt 0:00:30]} 34. Qc8 {[%emt 0:00:30]} Rxe3 {[%emt 0:00:30]} 35. fxe3 {[%emt 0:00:30]} Qxb5 {[%emt 0:00:30]} 36. Nc3 {[%emt 0:00:30]} Qb2 {[%emt 0:00:30]} 37. Ne2 {[%emt 0:00:30]} Ra7 {[%emt 0:00:30]} 38. Kf2 {[%emt 0:00:30]} Kg7 {[%emt 0:00:30]} 39. Qd8 {[%emt 0:00:30]} Qe5 {[%emt 0:00:30]} 40. Qd4 {[%emt 0:00:30]} Re7 {[%emt 0:00:30]} 41. Nf4 {[%emt 0:00:30]} Kh6 {[%emt 0:00:30]} 42. Nd5 {[%emt 0:00:30]} Qxd4 {[%emt 0:00:30]} 43. exd4 {[%emt 0:00:30]} Re6 {[%emt 0:00:30]} 44. c7 {[%emt 0:00:30]} Rc6 {[%emt 0:00:30]} 45. e5 {[%emt 0:00:30]} f5 {[%emt 0:00:30]} 46. Be2 {[%emt 0:00:30]} Ba3 {[%emt 0:00:30]} 47. Ba6 {[%emt 0:00:30]} Rc2+ {[%emt 0:00:30]} 48. Ke3 {[%emt 0:00:30]} 1-0

[Event "CCCSA IM Norm C 2019"]
[Site "Charlotte"]
[Date "2019.06.09"]
[Round "8.1"]
[White "Adamson, Robby"]
[Black "Balleisen, Aaron"]
[Result "1/2-1/2"]
[WhiteElo "2238"]
[BlackElo "2203"]
[Annotator "NA"]
[PlyCount "144"]
[EventDate "2019.06.05"]
[EventType "tourn"]
[EventCountry "USA"]
[SourceTitle "playchess.com"]
[Source "ChessBase"]
[SourceQuality "1"]
[TimeControl "5400+30"]

1. e4 {[%emt 1:30:30]} c5 {[%emt 1:30:30]} 2. Nf3 {[%emt 0:00:30]} a6 {[%emt 0:00:30]} 3. c3 {[%emt 0:00:30]} d5 {[%emt 0:00:30]} 4. exd5 {[%emt 0:00:30]} Qxd5 {[%emt 0:00:30]} 5. d4 {[%emt 0:00:30]} Nf6 {[%emt 0:00:30]} 6. Be3 {[%emt 0:00:30]} cxd4 {[%emt 0:00:30]} 7. cxd4 {[%emt 0:00:30]} e6 {[%emt 0:00:30]} 8. a3 {[%emt 0:00:30]} Be7 {[%emt 0:00:30]} 9. Nc3 {[%emt 0:00:30]} Qd6 {[%emt 0:00:30]} 10. Bd3 {[%emt 0:00:30]} O-O {[%emt 0:00:30]} 11. O-O {[%emt 0:00:30]} Nc6 {[%emt 0:00:30]} 12. Qe2 {[%emt 0:00:30]} Bd7 {[%emt 0:00:30]} 13. Rad1 {[%emt 0:00:30]} Rfd8 {[%emt 0:00:30]} 14. Rfe1 {[%emt 0:00:30]} h6 {[%emt 0:00:30]} 15. Bc1 {[%emt 0:00:30]} Rac8 {[%emt 0:00:30]} 16. Bb1 {[%emt 0:00:30]} Nd5 {[%emt 0:00:30]} 17. Nxd5 {[%emt 0:00:30]} Qxd5 {[%emt 0:00:30]} 18. Be4 {[%emt 0:00:30]} Qb5 {[%emt 0:00:30]} 19. Bd3 {[%emt 0:00:30]} Qh5 {[%emt 0:00:30]} 20. Qe4 {[%emt 0:00:30]} f5 {[%emt 0:00:30]} 21. Qe2 {[%emt 0:00:30]} Bf6 {[%emt 0:00:30]} 22. Bc4 {[%emt 0:00:30]} Kh8 {[%emt 0:00:30]} 23. Ba2 {[%emt 0:00:30]} Re8 {[%emt 0:00:30]} 24. Bf4 {[%emt 0:00:30]} Ne7 {[%emt 0:00:30]} 25. Be5 {[%emt 0:00:30]} Nd5 {[%emt 0:00:30]} 26. Bxd5 {[%emt 0:00:30]} exd5 {[%emt 0:00:30]} 27. Qd2 {[%emt 0:00:30]} Ba4 {[%emt 0:00:30]} 28. Rc1 {[%emt 0:00:30]} Rxc1 {[%emt 0:00:30]} 29. Rxc1 {[%emt 0:00:30]} Bc6 {[%emt 0:00:30]} 30. Re1 {[%emt 0:00:30]} Kh7 {[%emt 0:00:30]} 31. h3 {[%emt 0:00:30]} Qf7 {[%emt 0:00:30]} 32. Qf4 {[%emt 0:00:30]} Bd8 {[%emt 0:00:30]} 33. Qd2 {[%emt 0:00:30]} Re6 {[%emt 0:00:30]} 34. Qc2 {[%emt 0:00:30]} Qg6 {[%emt 0:00:30]} 35. Kh2 {[%emt 0:00:30]} f4 {[%emt 0:00:30]} 36. Qd2 {[%emt 0:00:30]} Qf5 {[%emt 0:00:30]} 37. Qxf4 {[%emt 0:00:30]} Qxf4+ {[%emt 0:00:30]} 38. Bxf4 {[%emt 0:00:30]} Rxe1 {[%emt 0:00:30]} 39. Nxe1 {[%emt 0:00:30]} g5 {[%emt 0:00:30]} 40. Be3 {[%emt 0:00:30]} Bc7+ {[%emt 0:00:30]} 41. Kg1 {[%emt 0:00:30]} Kg6 {[%emt 0:00:30]} 42. f3 {[%emt 0:00:30]} Bb5 {[%emt 0:00:30]} 43. Kf2 {[%emt 0:00:30]} a5 {[%emt 0:00:30]} 44. g4 {[%emt 0:00:30]} Bc4 {[%emt 0:00:30]} 45. Ng2 {[%emt 0:00:30]} b6 {[%emt 0:00:30]} 46. Bd2 {[%emt 0:00:30]} Bd6 {[%emt 0:00:30]} 47. h4 {[%emt 0:00:30]} Bb3 {[%emt 0:00:30]} 48. Be3 {[%emt 0:00:30]} Kf6 {[%emt 0:00:30]} 49. Bd2 {[%emt 0:00:30]} Bc7 {[%emt 0:00:30]} 50. f4 {[%emt 0:00:30]} gxh4 {[%emt 0:00:30]} 51. Nxh4 {[%emt 0:00:30]} Bd1 {[%emt 0:00:30]} 52. Kg3 {[%emt 0:00:30]} Bc2 {[%emt 0:00:30]} 53. Kf3 {[%emt 0:00:30]} Be4+ {[%emt 0:00:30]} 54. Kf2 {[%emt 0:00:30]} Bd8 {[%emt 0:00:30]} 55. Kg3 {[%emt 0:00:30]} Kg7 {[%emt 0:00:30]} 56. g5 {[%emt 0:00:30]} hxg5 {[%emt 0:00:30]} 57. fxg5 Kf7 {[%emt 0:00:30]} 58. Kg4 {[%emt 0:01:00]} Be7 {[%emt 0:00:30]} 59. Kh5 {[%emt 0:00:30]} Bd3 {[%emt 0:00:30]} 60. Kg4 {[%emt 0:00:30]} Be4 {[%emt 0:00:30]} 61. Kg3 {[%emt 0:00:30]} Bf8 {[%emt 0:00:30]} 62. Bf4 {[%emt 0:00:30]} b5 {[%emt 0:00:30]} 63. Bd2 {[%emt 0:00:30]} b4 {[%emt 0:00:30]} 64. axb4 {[%emt 0:00:30]} axb4 {[%emt 0:00:30]} 65. Kg4 {[%emt 0:00:30]} Ke6 {[%emt 0:00:30]} 66. Kh5 {[%emt 0:00:30]} Bg7 {[%emt 0:00:30]} 67. Be3 {[%emt 0:00:30]} Kf7 {[%emt 0:00:30]} 68. g6+ {[%emt 0:00:30]} Ke6 {[%emt 0:00:30]} 69. Bf2 {[%emt 0:00:30]} Ke7 {[%emt 0:00:30]} 70. Bg1 {[%emt 0:00:30]} Ke6 {[%emt 0:00:30]} 71. Be3 {[%emt 0:00:30]} b3 {[%emt 0:00:30]} 72. Bf2 {[%emt 0:00:30]} Ke7 1/2-1/2

[Event "CCCSA IM Norm C 2019"]
[Site "Charlotte"]
[Date "2019.06.09"]
[Round "8.2"]
[White "Bregadze, Levan"]
[Black "Martin Del Campo C., Roberto"]
[Result "1-0"]
[WhiteElo "2462"]
[BlackElo "2311"]
[Annotator "ChessBase"]
[PlyCount "69"]
[EventDate "2019.06.05"]
[EventType "tourn"]
[EventCountry "USA"]
[SourceTitle "playchess.com"]
[Source "ChessBase"]
[SourceQuality "1"]
[TimeControl "5400+30"]

1. d4 {[%emt 1:30:30]} Nf6 {[%emt 1:30:30]} 2. c4 {[%emt 0:00:30]} g6 {[%emt 0:00:30]} 3. Nc3 {[%emt 0:00:30]} Bg7 {[%emt 0:00:30]} 4. e4 {[%emt 0:00:30]} d6 {[%emt 0:00:30]} 5. Nf3 {[%emt 0:00:30]} O-O {[%emt 0:00:30]} 6. h3 {[%emt 0:00:30]} e5 {[%emt 0:00:30]} 7. d5 {[%emt 0:00:30]} c6 {[%emt 0:00:30]} 8. Bg5 {[%emt 0:00:30]} a6 {[%emt 0:00:30]} 9. Be2 {[%emt 0:00:30]} cxd5 {[%emt 0:00:30]} 10. cxd5 {[%emt 0:00:30]} b5 {[%emt 0:00:30]} 11. Nd2 {[%emt 0:00:30]} Nbd7 {[%emt 0:00:30]} 12. O-O {[%emt 0:00:30]} h6 {[%emt 0:00:30]} 13. Be3 {[%emt 0:00:30]} Nh7 {[%emt 0:00:30]} 14. Kh1 {[%emt 0:00:30]} f5 {[%emt 0:00:30]} 15. exf5 {[%emt 0:00:30]} gxf5 {[%emt 0:00:30]} 16. f4 {[%emt 0:00:30]} Kh8 {[%emt 0:00:30]} 17. Nf3 {[%emt 0:00:30]} Bb7 {[%emt 0:00:30]} 18. a3 {[%emt 0:00:30]} Rc8 {[%emt 0:00:30]} 19. Qd2 {[%emt 0:00:30]} Nc5 {[%emt 0:00:30]} 20. Rad1 {[%emt 0:00:30]} Ne4 {[%emt 0:00:30]} 21. Nxe4 {[%emt 0:00:30]} fxe4 {[%emt 0:00:30]} 22. Nh2 {[%emt 0:00:30]} exf4 {[%emt 0:00:30]} 23. Bxf4 {[%emt 0:00:30]} Rf5 {[%emt 0:00:30]} 24. Bxh6 {[%emt 0:00:30]} Rxd5 {[%emt 0:00:30]} 25. Bxg7+ {[%emt 0:00:30]} Kxg7 {[%emt 0:00:30]} 26. Qf4 {[%emt 0:00:30]} Rxd1 {[%emt 0:00:30]} 27. Rxd1 {[%emt 0:00:30]} d5 {[%emt 0:00:30]} 28. Ng4 {[%emt 0:00:30]} Qg5 {[%emt 0:00:30]} 29. Qd6 {[%emt 0:00:30]} Rf8 {[%emt 0:00:30]} 30. a4 {[%emt 0:00:30]} Nf6 {[%emt 0:00:30]} 31. Rf1 {[%emt 0:00:30]} Qg6 {[%emt 0:00:30]} 32. Ne5 {[%emt 0:00:30]} Qe8 {[%emt 0:00:30]} 33. Qc7+ {[%emt 0:00:30]} Kg8 {[%emt 0:00:30]} 34. Rf5 {[%emt 0:00:30]} Nh7 {[%emt 0:00:30]} 35. Rh5 {[%emt 0:00:30]} 1-0

[Event "CCCSA IM Norm C 2019"]
[Site "Charlotte"]
[Date "2019.06.09"]
[Round "8.3"]
[White "Jacobson, Aaron"]
[Black "Hevia Alejano, Carlos Antonio"]
[Result "1/2-1/2"]
[WhiteElo "2302"]
[BlackElo "2481"]
[Annotator "ChessBase"]
[PlyCount "44"]
[EventDate "2019.06.05"]
[EventType "tourn"]
[EventCountry "USA"]
[SourceTitle "playchess.com"]
[Source "ChessBase"]
[SourceQuality "1"]
[TimeControl "5400+30"]

1. e4 {[%emt 1:30:30]} c5 {[%emt 1:30:30]} 2. Nf3 {[%emt 0:00:30]} d6 {[%emt 0:00:30]} 3. d4 {[%emt 0:00:30]} cxd4 {[%emt 0:00:30]} 4. Nxd4 {[%emt 0:00:30]} Nf6 {[%emt 0:00:30]} 5. Nc3 {[%emt 0:00:30]} a6 {[%emt 0:00:30]} 6. Bg5 {[%emt 0:00:30]} e6 {[%emt 0:00:30]} 7. f4 {[%emt 0:00:30]} Qc7 {[%emt 0:00:30]} 8. Qe2 {[%emt 0:00:30]} Nbd7 {[%emt 0:00:30]} 9. O-O-O {[%emt 0:00:30]} Be7 {[%emt 0:00:30]} 10. g4 {[%emt 0:00:30]} b5 {[%emt 0:00:30]} 11. a3 {[%emt 0:00:30]} Bb7 {[%emt 0:00:30]} 12. Bxf6 {[%emt 0:00:30]} gxf6 {[%emt 0:00:30]} 13. h4 {[%emt 0:00:30]} Nb6 {[%emt 0:00:30]} 14. Kb1 {[%emt 0:00:30]} h6 {[%emt 0:00:30]} 15. Rg1 {[%emt 0:00:30]} Qc5 {[%emt 0:00:30]} 16. Rg3 {[%emt 0:00:30]} Nc4 {[%emt 0:00:30]} 17. Nb3 {[%emt 0:00:30]} Qb6 {[%emt 0:00:30]} 18. Bh3 {[%emt 0:00:30]} Bc8 {[%emt 0:00:30]} 19. f5 Bd7 {[%emt 0:00:30]} 20. fxe6 fxe6 21. Nd4 {[%emt 0:01:30]} Kf7 22. g5 {[%emt 0:00:30]} Ke8 {[%emt 0:01:30]} 1/2-1/2

[Event "CCCSA IM Norm C 2019"]
[Site "Charlotte"]
[Date "2019.06.09"]
[Round "8.4"]
[White "Turgut, Aydin"]
[Black "Wang, Jason"]
[Result "1-0"]
[WhiteElo "2286"]
[BlackElo "2285"]
[Annotator "NA"]
[PlyCount "53"]
[EventDate "2019.06.05"]
[EventType "tourn"]
[EventCountry "USA"]
[SourceTitle "playchess.com"]
[Source "ChessBase"]
[SourceQuality "1"]
[TimeControl "5400+30"]

1. e4 {[%emt 1:30:30]} c5 {[%emt 1:30:30]} 2. Nf3 {[%emt 0:00:30]} e6 {[%emt 0:00:30]} 3. d4 {[%emt 0:00:30]} cxd4 {[%emt 0:00:30]} 4. Nxd4 {[%emt 0:00:30]} a6 {[%emt 0:00:30]} 5. Be2 {[%emt 0:00:30]} Nf6 {[%emt 0:00:30]} 6. Nc3 {[%emt 0:00:30]} Qc7 {[%emt 0:00:30]} 7. O-O {[%emt 0:00:30]} Be7 {[%emt 0:00:30]} 8. Be3 {[%emt 0:00:30]} O-O {[%emt 0:00:30]} 9. f4 {[%emt 0:00:30]} d6 {[%emt 0:00:30]} 10. Qe1 {[%emt 0:00:30]} b5 {[%emt 0:00:30]} 11. a3 {[%emt 0:00:30]} Bb7 {[%emt 0:00:30]} 12. Bd3 {[%emt 0:00:30]} Nbd7 {[%emt 0:00:30]} 13. Nb3 {[%emt 0:00:30]} e5 {[%emt 0:00:30]} 14. Kh1 {[%emt 0:00:30]} Rfe8 {[%emt 0:00:30]} 15. Rd1 {[%emt 0:00:30]} exf4 {[%emt 0:00:30]} 16. Bxf4 {[%emt 0:00:30]} Bf8 {[%emt 0:00:30]} 17. Qh4 {[%emt 0:00:30]} Ne5 {[%emt 0:00:30]} 18. Bg5 {[%emt 0:00:30]} Ng6 {[%emt 0:00:30]} 19. Qe1 {[%emt 0:00:30]} Nxe4 {[%emt 0:00:30]} 20. Nxe4 {[%emt 0:00:30]} Re5 {[%emt 0:00:30]} 21. Bf4 {[%emt 0:00:30]} Rxe4 {[%emt 0:00:30]} 22. Bxe4 {[%emt 0:00:30]} Re8 {[%emt 0:00:30]} 23. Rd4 {[%emt 0:00:30]} Nxf4 {[%emt 0:00:30]} 24. Rxf4 {[%emt 0:00:30]} Qxc2 {[%emt 0:00:30]} 25. Nd2 {[%emt 0:00:30]} Qc6 {[%emt 0:00:30]} 26. Qh4 {[%emt 0:00:30]} Rxe4 {[%emt 0:00:30]} 27. Rdxe4 {[%emt 0:00:30]} 1-0

[Event "CCCSA IM Norm C 2019"]
[Site "Charlotte"]
[Date "2019.06.09"]
[Round "8.5"]
[White "Ludwig, John"]
[Black "Lorne, Ras Malaku"]
[Result "1-0"]
[WhiteElo "2374"]
[BlackElo "2159"]
[Annotator "TA"]
[PlyCount "51"]
[EventDate "2019.06.05"]
[EventType "tourn"]
[EventCountry "USA"]
[SourceTitle "playchess.com"]
[Source "ChessBase"]
[SourceQuality "1"]

{[%evp 11,153,75,159,110,93,66,104,53,85,65,75,86,121,106,155,124,187,183,179,169,251,246,256,259,264,232,253,229,225,180,368,350,554,583,552,502,644,673,700,509,592,546,2718,783,787,772,779,743,29996,598,579,196,195,195,189,153,135,135,143,147,139,100,135,121,116,40,48,47,59,52,61,74,111,29,49,20,34,5,9,6,16,22,21,9,10,10,14,0,0,0,8,0,0,0,0,0,0,0,0,0,49,0,0,0,0,0,200,8,8,8,5064,4602,2016,1445,5064,5064,5064,5064,5064,5064,5064,4863,4133,384,29950,29954,29961,11056,5159,5129,29978,29979,29978,29979,29979,29980,29982,29983,29983,29984,29984,29985,29985,29986]} 1. e4 e5 2. Nf3 Nc6 3. Nc3 Bc5 4. Nxe5 Bxf2+ 5. Kxf2 Nxe5 6. d4 Qf6+ (6... Ng6 $142) 7. Ke1 {C46: 3 Nc3: Unusual Black 3rd moves} (7. Kg1 Ng4 8. Qd2 Ne7 9. h3 Nh6 10. Bc4 c6 11. Qf2 Qg6 12. Bxh6 gxh6 13. e5 Qf5 14. Rf1 Qxf2+ 15. Rxf2 {1-0 (25) Abhishek,D (2349)-Vijayalakshmi,S (2454) Chennai 2011}) 7... Ng6 8. Be3 d6 9. Qd2 (9. Kd2 $16) 9... Bd7 $146 ({Predecessor:} 9... h6 10. Nd5 Qd8 11. Qa5 c6 12. Qxd8+ Kxd8 13. Nc3 Nf6 14. Bd3 Re8 {1-0 (68) Pergel,L (2030)-Gonzalez,A Szeged 1994}) 10. Bc4 Qe7 11. Rf1 f6 12. Kf2 c6 13. Rae1 O-O-O (13... Be6 $16 14. Be2 Bf7) 14. Kg1 $18 Kb8 15. b4 {[%cal Bb2b4,Bb4b5][%mdl 32]} Qe8 (15... Rc8 $142 16. e5 Ka8 17. exd6 Qxd6) 16. a4 N8e7 17. b5 Nc8 18. Rb1 {[%cal Be1b1,Bb1a1,Ba1a6][%mdl 32]} c5 19. a5 ({Much less strong is} 19. dxc5 $6 dxc5 20. Bxc5 Bxb5 $16) 19... Be6 20. Be2 b6 $2 (20... h5 21. h3 Bf7) 21. axb6 axb6 (21... Nxb6 $142 22. Ra1 Qe7) 22. Ra1 Rd7 23. Ra6 Rb7 24. Rfa1 Qe7 25. Ra8+ Kc7 26. R1a6 {Played: Be2-g4} 1-0

[Event "CCCSA IM Norm C 2019"]
[Site "Charlotte"]
[Date "2019.06.09"]
[Round "9.1"]
[White "Martin Del Campo C., Roberto"]
[Black "Adamson, Robby"]
[Result "1/2-1/2"]
[WhiteElo "2311"]
[BlackElo "2238"]
[Annotator "NA"]
[PlyCount "20"]
[EventDate "2019.06.05"]
[EventType "tourn"]
[EventCountry "USA"]
[SourceTitle "playchess.com"]
[Source "ChessBase"]
[SourceQuality "1"]
[TimeControl "5400+30"]

1. e4 {[%emt 1:30:30]} c6 {[%emt 1:30:30]} 2. d4 {[%emt 0:00:30]} d5 {[%emt 0:00:30]} 3. exd5 {[%emt 0:00:30]} cxd5 {[%emt 0:00:30]} 4. c4 {[%emt 0:00:30]} Nf6 {[%emt 0:00:30]} 5. Nc3 {[%emt 0:00:30]} e6 {[%emt 0:00:30]} 6. Nf3 {[%emt 0:00:30]} Bb4 {[%emt 0:00:30]} 7. cxd5 {[%emt 0:00:30]} Nxd5 {[%emt 0:00:30]} 8. Bd2 {[%emt 0:00:30]} Nc6 {[%emt 0:00:30]} 9. Bd3 {[%emt 0:00:30]} O-O {[%emt 0:00:30]} 10. O-O {[%emt 0:00:30]} Be7 {[%emt 0:00:30]} 1/2-1/2

[Event "CCCSA IM Norm C 2019"]
[Site "Charlotte"]
[Date "2019.06.10"]
[Round "9.2"]
[White "Wang, Jason"]
[Black "Ludwig, John"]
[Result "1/2-1/2"]
[WhiteElo "2285"]
[BlackElo "2374"]
[Annotator "ChessBase"]
[PlyCount "120"]
[EventDate "2019.06.05"]
[EventType "tourn"]
[EventCountry "USA"]
[SourceTitle "playchess.com"]
[Source "ChessBase"]
[SourceQuality "1"]
[TimeControl "5400+30"]

1. d4 {[%emt 1:30:30]} d5 {[%emt 1:30:30]} 2. c4 {[%emt 0:00:30]} e6 {[%emt 0:00:30]} 3. Nc3 {[%emt 0:00:30]} c5 {[%emt 0:00:30]} 4. cxd5 {[%emt 0:00:30]} exd5 {[%emt 0:00:30]} 5. Nf3 {[%emt 0:00:30]} Nc6 {[%emt 0:00:30]} 6. g3 {[%emt 0:00:30]} Nf6 {[%emt 0:00:30]} 7. Bg2 {[%emt 0:00:30]} Be7 {[%emt 0:00:30]} 8. O-O {[%emt 0:00:30]} O-O {[%emt 0:00:30]} 9. b3 {[%emt 0:00:30]} Ne4 {[%emt 0:00:30]} 10. Bb2 {[%emt 0:00:30]} Bf6 {[%emt 0:00:30]} 11. Na4 {[%emt 0:00:30]} Re8 {[%emt 0:00:30]} 12. Rc1 {[%emt 0:00:30]} c4 {[%emt 0:00:30]} 13. bxc4 {[%emt 0:00:30]} dxc4 {[%emt 0:00:30]} 14. Ne5 {[%emt 0:00:30]} Bxe5 {[%emt 0:00:30]} 15. dxe5 {[%emt 0:00:30]} Bf5 {[%emt 0:00:30]} 16. Bxe4 {[%emt 0:00:30]} Bxe4 {[%emt 0:00:30]} 17. Rxc4 {[%emt 0:00:30]} Bd5 {[%emt 0:00:30]} 18. Rg4 {[%emt 0:00:30]} Be6 {[%emt 0:00:30]} 19. Re4 {[%emt 0:00:30]} Qxd1 {[%emt 0:00:30]} 20. Rxd1 {[%emt 0:00:30]} Bxa2 {[%emt 0:00:30]} 21. Nc5 {[%emt 0:00:30]} b5 {[%emt 0:00:30]} 22. Nb7 {[%emt 0:00:30]} a5 {[%emt 0:00:30]} 23. f4 {[%emt 0:00:30]} b4 {[%emt 0:00:30]} 24. f5 {[%emt 0:00:30]} a4 {[%emt 0:00:30]} 25. e6 {[%emt 0:00:30]} a3 {[%emt 0:00:30]} 26. Ba1 {[%emt 0:00:30]} fxe6 {[%emt 0:00:30]} 27. Rd7 {[%emt 0:00:30]} Re7 {[%emt 0:00:30]} 28. Rxe7 {[%emt 0:00:30]} Nxe7 {[%emt 0:00:30]} 29. Rxb4 {[%emt 0:00:30]} exf5 {[%emt 0:00:30]} 30. Nc5 {[%emt 0:00:30]} Bd5 {[%emt 0:00:30]} 31. Nd3 {[%emt 0:00:30]} a2 {[%emt 0:00:30]} 32. Kf2 {[%emt 0:00:30]} Be4 {[%emt 0:00:30]} 33. Ke1 {[%emt 0:00:30]} Nc6 {[%emt 0:00:30]} 34. Rb3 {[%emt 0:00:30]} Bd5 {[%emt 0:00:30]} 35. Rb5 {[%emt 0:00:30]} Ra5 {[%emt 0:00:30]} 36. Rb7 {[%emt 0:00:30]} Ra7 {[%emt 0:00:30]} 37. Rxa7 {[%emt 0:00:30]} Nxa7 {[%emt 0:00:30]} 38. Nb4 Be6 {[%emt 0:00:30]} 39. Kd2 {[%emt 0:01:00]} Nb5 {[%emt 0:00:30]} 40. Kc2 {[%emt 0:00:30]} Kf7 {[%emt 0:00:30]} 41. Kb2 {[%emt 0:00:30]} Nd4 {[%emt 0:00:30]} 42. Nxa2 {[%emt 0:00:30]} Bxa2 {[%emt 0:00:30]} 43. Kxa2 {[%emt 0:00:30]} Nxe2 {[%emt 0:00:30]} 44. Kb3 {[%emt 0:00:30]} g5 {[%emt 0:00:30]} 45. Kc4 {[%emt 0:00:30]} Ng1 {[%emt 0:00:30]} 46. Kd5 {[%emt 0:00:30]} Nf3 {[%emt 0:00:30]} 47. h3 {[%emt 0:00:30]} h5 {[%emt 0:00:30]} 48. Be5 {[%emt 0:00:30]} Kg6 {[%emt 0:00:30]} 49. Bc7 {[%emt 0:00:30]} h4 {[%emt 0:00:30]} 50. gxh4 {[%emt 0:00:30]} Nxh4 {[%emt 0:00:30]} 51. Bg3 {[%emt 0:00:30]} Nf3 {[%emt 0:00:30]} 52. Bf2 {[%emt 0:00:30]} Kf6 {[%emt 0:00:30]} 53. Bb6 {[%emt 0:00:30]} f4 {[%emt 0:00:30]} 54. Ke4 {[%emt 0:00:30]} Nd2+ {[%emt 0:00:30]} 55. Kd3 {[%emt 0:00:30]} Nf1 {[%emt 0:00:30]} 56. h4 {[%emt 0:00:30]} gxh4 {[%emt 0:00:30]} 57. Bd8+ {[%emt 0:00:30]} Kf5 {[%emt 0:00:30]} 58. Bxh4 {[%emt 0:00:30]} Kg4 {[%emt 0:00:30]} 59. Bf2 {[%emt 0:00:30]} Kf3 {[%emt 0:00:30]} 60. Bb6 {[%emt 0:00:30]} Ne3 {[%emt 0:00:30]} 1/2-1/2

[Event "CCCSA IM Norm C 2019"]
[Site "Charlotte"]
[Date "2019.06.10"]
[Round "9.3"]
[White "Hevia Alejano, Carlos Antonio"]
[Black "Turgut, Aydin"]
[Result "1-0"]
[WhiteElo "2481"]
[BlackElo "2286"]
[Annotator "TA"]
[PlyCount "73"]
[EventDate "2019.06.05"]
[EventType "tourn"]
[EventCountry "USA"]
[SourceTitle "playchess.com"]
[Source "ChessBase"]
[SourceQuality "1"]

{[%evp 9,73,0,0,-89,0,-23,-15,-32,-34,-17,0,-16,16,23,50,67,54,54,56,66,63,68,141,115,117,103,123,116,176,137,158,157,192,127,139,123,252,244,215,145,146,154,227,229,210,210,369,369,353,358,379,383,459,446,493,428,492,482,544,510,671,663,770,757,879,872]} 1. Nf3 d5 2. d4 Nf6 3. c4 e6 4. g3 Nc6 5. e3 (5. Nbd2 dxc4 6. Nxc4 b5 7. Ne3 Rb8 8. Bg2 Be7 9. O-O O-O 10. b3 Bb7 11. Bb2 Nb4 12. Ne5 c5 {½-½ (47) Fressinet,L (2676)-Bauer,C (2623) Germany 2017}) 5... dxc4 $146 ({Predecessor:} 5... b6 6. Bg2 Bb7 7. O-O Be7 8. Nbd2 O-O 9. a3 Na5 10. Qc2 c5 11. Ne5 Bd6 12. f4 Rc8 13. b3 Ba6 14. Bb2 b5 15. dxc5 Bxc5 16. Qd3 bxc4 17. Qe2 Qb6 18. b4 {0-1 (18) Denz,M (1580)-Cromm,M (1350) Heusenstamm 2018}) 6. Qa4 {[#] E01: Catalan: Early deviations} (6. Nc3 $11) 6... Qd5 (6... b5 $1 $17 {[%cal Rb5a4][%mdl 512]} 7. Qxb5 Qd5 8. Qxd5 exd5) 7. Bg2 $1 $11 Bd7 {Threatens to win with ...Ne5.} 8. Nc3 {The position is equal.} Bb4 9. Qc2 Qe4 10. Qe2 Nd5 11. O-O Nxc3 12. bxc3 Bxc3 13. Bb2 Bxb2 14. Qxb2 {Ne5 is the strong threat.} Qf5 $1 15. Qxb7 {[%mdl 64] Double Attack} O-O ({Black should play} 15... Rb8 $14 16. Qxc7 Qa5) 16. Qa6 Rab8 17. Qxc4 Rb4 18. Qc3 Qb5 (18... Rfb8 $16) 19. Nd2 Ne7 20. a3 Ra4 {[#]} 21. Rfb1 ({But not} 21. Qxc7 Nd5 $16) ({White should try} 21. Rfc1 $1 $18) 21... Nd5 $16 22. Qc2 $36 {[%mdl 2048] White is on the roll.} Qa5 (22... Qc6 $16 {might work better.} 23. Qa2 Ra6) 23. Nb3 $18 Qc3 24. Rc1 Qxc2 25. Rxc2 {Strongly threatening Nc5.} Bb5 (25... Nb6 $16 26. Rxc7 Rc8) 26. Bxd5 exd5 27. Rxc7 h6 $2 (27... Ra8 28. Nc5 Rc4) 28. Nc5 Ra5 29. a4 Ra8 30. Rb1 Be8 31. Rb4 {White is clearly winning.} Kf8 32. h4 Kg8 33. Kf1 Kf8 34. Ke1 Rd8 35. Kd2 g6 36. Kc3 Rd6 37. Rb8 {Played: Nc5-b7} 1-0